Adventist mission in the 21st century

Uloženo v:
Podrobná bibliografie
Hlavní autor: Dybdahl, Jon L.,ed
Médium: Kniha
Jazyk:angličtina
Vydáno: Hagerstown Review and Herald c1999
Témata:
Tagy: Přidat tag
Žádné tagy, Buďte první, kdo vytvoří štítek k tomuto záznamu!

MARC

LEADER 00000nam a22000005a 4500
003 CL-ChBUA
005 20120815091648.0
008 091125s1999 xxu||||| |||| 000 ||eng
020 |a 082801339x 
040 |a CL-ChBUA  |c CL-ChBUA 
082 0 0 |a 266.6732 
090 |c 27061  |d 27061 
100 1 |a Dybdahl, Jon L.,ed. 
245 1 0 |a Adventist mission in the 21st century 
260 |a Hagerstown  |b Review and Herald  |c c1999 
300 |a 314 p.  |c 24 cm. 
504 |a índice 
650 4 |a MISIONEROS 
650 4 |a MISION ADVENTISTAS 
650 4 |a IGLESIA ADVENTISTA DEL SEPTIMO DIA - MISIONES 
942 |c LIB 
952 |0 0  |1 0  |4 0  |7 0  |9 63467  |a UNACH  |b UNACH  |c 200  |d 2009-11-25  |i 45.805  |l 5  |o 266.6732 / Ad 244  |p 64602  |r 2025-12-01 15:31:44  |s 2025-11-19  |u 63467  |w 2012-08-08  |y LIB  |k 266.6732 / Ad 244 
999 |c 27061  |d 27061